MARC

LEADER 00000nam0a2200000 4500
001 42782
005 20231031015642.0
010 |a 5790508936 
035 |a (RuTPU)RU\TPU\book\44154 
090 |a 42782 
100 |a 20020917d2002 k y0rusy50 ca 
101 1 |a rus  |c eng 
102 |a RU 
105 |a y z 000zy 
200 1 |a 48 законов власти  |e пер. с англ.  |f Р. Грин 
210 |a Москва  |c РИПОЛ классик  |d 2002 
215 |a 768 с. 
610 1 |a психология 
610 1 |a социальная психология 
610 1 |a личность 
610 1 |a массы 
610 1 |a власть 
610 1 |a история 
610 1 |a политология 
610 1 |a политическая власть 
610 1 |a философия 
610 1 |a управление 
686 |a Ю955  |v LBC/SL-A  |2 rubbk 
686 |a Ф011.6  |v LBC/SL-A  |2 rubbk 
700 1 |a Грин  |b Р.  |g Роберт 
801 1 |a RU  |b 63413507  |c 20020917  |g PSBO 
801 2 |a RU  |b 63413507  |c 20120706  |g PSBO 
942 |c BK